Closest Genetic Populations to the Sicilians - Statistics

General Stats
  • This quiz has been taken 23 times
  • The average score is 5 of 12
Answer Stats
Genetic Distance Ethnicity % Correct
1.258 Italian
100%
6.221 Spanish
95%
1.973 Greek
90%
6.189 Portuguese
67%
4.305 Albanian
57%
6.747 Lebanese
29%
6.905 Macedonian
24%
1.607 Ashkenazi
19%
2.625 Sephardi
19%
6.221 Bulgarian
10%
6.471 Druze
5%
5.542 Gagauz
0%
No matching quizzes found
Score Distribution
Percent of People with Each Score
Percentile by Number Answered
Your Score History
You have not taken this quiz